000 00436nam a2200145Ia 4500
008 230403s9999 xx 000 0 und d
020 _a978-81-9472766-8
041 _aeng
082 _aN/613.2/BAN/B10133
100 _aBandana
_9180188
245 _aTextbook of Applied Nutrition and Dietetics for Undergraduate Nursing Students
260 _bVision Health Sciences Pub.
_aMohali
_c2021
300 _a356p
999 _c144299
_d144299